000
00296nam a22001337a 4500
008
170627b xxu||||| |||| 00| 0 eng d
020
_a
9780844211923
041
_a
eng
080
_a
82
100
_a
21
101
_a
GJL
245
_a
LITERATURE GREECE AND ROME
_c
LEWIN.J
942
_2
udc
_c
BK
999
_c
19274
_d
19274